| 000 | 00838nam a2200229 a 4500 | ||
|---|---|---|---|
| 001 | 000016412 | ||
| 005 | 20250924073801.0 | ||
| 008 | 100305s1988 dr 000 0 spa d | ||
| 040 | _aDO-SdBNP | ||
| 082 |
_a617.6 _bK19h |
||
| 100 | 1 |
_aKasse Acta, Rafael _925885 |
|
| 245 | 1 | 0 |
_aHacia una historia social odontológica dominicana / _cRafael Kasse Acta. |
| 260 |
_aSanto Domingo : _bEditora Universitaria UASD, _c1988. |
||
| 300 |
_a62 P. ; _c21 cm. |
||
| 490 | 1 |
_aPublicaciones de la Universidad Autónoma de Santo Domingo _v605 |
|
| 490 | 1 |
_aSalud y Sociedad _vno. 16 |
|
| 504 | _aIncluye referencas bibliográficas (p. 61-62) | ||
| 650 | 4 |
_aOdontología _yREPÚBLICA DOMINICANA _936581 |
|
| 830 |
_aPublicaciones de la Universidad Autónoma de Santo Domingo _v605 _952 |
||
| 830 | 0 |
_aSalud y Sociedad _nno. 16 _931923 |
|
| 049 | _aBNPD | ||
| 999 |
_c15947 _d15947 |
||